| 000 | 00596nam a22001937a 4500 | ||
|---|---|---|---|
| 999 |
_c89 _d89 |
||
| 003 | AR-CdUCM | ||
| 008 | 190221b ||||| |||| 00| 0 spa d | ||
| 040 |
_aMUNICIPALIDAD PROVINCIAL DEL CUSCO _cBIBLIOTECA MUNICIPAL DEL CUSCO |
||
| 082 |
_a869.155 / _bV33 |
||
| 100 |
_aVasconcelos, José _9412 |
||
| 245 |
_aLa sonata mágica : _bcuentos y relatos / |
||
| 260 |
_aMadrid : _bImprenta de Juan Pueyo, _c1933. |
||
| 300 |
_a236 páginas ; _c19 cm. |
||
| 650 |
_aCuentos mexicanos _9413 |
||
| 650 |
_aCuentos siglo XX _9414 |
||
| 700 |
_aVasconcelos, José _9412 |
||
| 942 |
_2ddc _cLIBROS |
||
| 945 | _azta | ||